PRINCIPLES OF ENVIRONMENTAL STUDIES (Record no. 26948)

MARC details
000 -LEADER
fixed length control field 00396nam a22001577a 4500
003 - CONTROL NUMBER IDENTIFIER
control field SGT
020 ## - INTERNATIONAL STANDARD BOOK NUMBER
International Standard Book Number 9789388305396
082 ## - DEWEY DECIMAL CLASSIFICATION NUMBER
Classification number 614.7
Item number P24M
100 ## - MAIN ENTRY--PERSONAL NAME
Personal name MANOHARACHARY,C.
245 ## - TITLE STATEMENT
Title PRINCIPLES OF ENVIRONMENTAL STUDIES
260 ## - PUBLICATION, DISTRIBUTION, ETC. (IMPRINT)
Place of publication, distribution, etc HYDERABAD
Name of publisher, distributor, etc BS PUBLICATION
Year of Publication 2024
300 ## - PAGE DESCRIPTION
No. of Pages 399
650 ## - SUBJECT ADDED ENTRY--TOPICAL TERM
Topical term or geographic name as entry element ENVIRONMENTAL STUDIES
653 ## - KEYWORDS--INDEX TERM
Keyword term PRINCIPLES, ENVIRONMENTAL , STUDIES
942 ## - ADDED ENTRY ELEMENTS (KOHA)
Source of classification or shelving scheme Dewey Decimal Classification
Koha item type Books
Holdings
Withdrawn status Lost status Source of classification or shelving scheme Damaged status Not for loan Collection code Home library Current library Shelving location Date acquired Vendor Name Cost, normal purchase price SGTU Bill Number Total Checkouts Full call number Accession No. (Barcode) Date last seen Bill Date Koha item type
    Dewey Decimal Classification     PHARMACY SGT FA-FP Library SGT FA-FP Library Text Book 24/09/2024 AHUJA PUB. 399.00 SGTU 19381   614.7 P24M FP4955 24/09/2024 13/08/2024 Books
    Dewey Decimal Classification     PHARMACY SGT FA-FP Library SGT FA-FP Library Text Book 24/09/2024 AHUJA PUB. 399.00 SGTU 19381   614.7 P24M FP4956 24/09/2024 13/08/2024 Books